Externé public relations diplomová práca

Enregistré dans:
Détails bibliographiques
Auteur principal: Máliková, Veronika
Collectivité auteur: Obchodná fakulta EU. Katedra marketingu
Autres auteurs: Lipianska, Júlia
Format: Livre
Langue:slovaque
Publié: Bratislava 2018
Tags: Ajouter un tag
Pas de tags, Soyez le premier à ajouter un tag!

MARC

LEADER 00000nbm a2200000 4500
001 0243338
005 20180817113716.6
041 0 |a slo 
044 |a SK 
245 1 0 |a Externé public relations  |b diplomová práca  |c Veronika Máliková ; školiteľ: Júlia Lipianska 
264 1 |a Bratislava  |c 2018 
300 |a 65 s. 
100 1 |a Máliková, Veronika 
700 1 |a Lipianska, Júlia 
710 2 |a Obchodná fakulta EU. Katedra marketingu